UBT Library

Cancer medicine; (Record no. 1843)

000 -LEADER
fixed length control field 00318nam a22001217a 4500
008 - FIXED-LENGTH DATA ELEMENTS--GENERAL INFORMATION
fixed length control field 160506b xxu||||| |||| 00| 0 eng d
020 ## - INTERNATIONAL STANDARD BOOK NUMBER
International Standard Book Number 9781550092134
020 ## - INTERNATIONAL STANDARD BOOK NUMBER
International Standard Book Number 1550092138
041 ## - LANGUAGE CODE
Language code of text/sound track or separate title eng
080 ## - UNIVERSAL DECIMAL CLASSIFICATION NUMBER
Universal Decimal Classification number 61
245 ## - TITLE STATEMENT
Title Cancer medicine;
Statement of responsibility, etc Donald W.Kufe MD;Paphael E.Pollock;Palph R. Weichselbaum;
942 ## - ADDED ENTRY ELEMENTS (KOHA)
Source of classification or shelving scheme
Item type Books
Holdings
Withdrawn status Lost status Damaged status Not for loan Date acquired Total Checkouts Date last seen Price effective from Koha item type Source of classification or shelving scheme Collection code Permanent location Current location Shelving location Full call number Barcode
        05/06/2016   05/06/2016 05/06/2016 Books              
        05/06/2016   05/06/2016 05/06/2016 Books   Koleksioni i përgjithshem UBT - Lipjan UBT - Lipjan Koleksioni i përgjithshem 61 KUF 002-028304
UBT Library © 2015-2024. All rights reserved University Education for Business and Technology